|
|
|
|
| LEADER |
00838ncm a22002532a 4500 |
| 001 |
001098757 |
| 003 |
CZ BrMZK |
| 005 |
20110411124107.0 |
| 007 |
qu |
| 008 |
090401s1970 xr |||||r|||||||| zxx d |
| 040 |
|
|
|a BOA001
|b cze
|
| 072 |
|
7 |
|a 788
|x Hudba pro dechové nástroje
|2 Konspekt
|9 9
|
| 100 |
1 |
|
|a Mellan, Josef
|7 ola2008474782
|4 arr
|
| 245 |
1 |
0 |
|a Tanga v bílém
|h [hudebnina] :
|b směs ; Při táboráku : směs waltzů /
|c arrang. Josef Mellan
|
| 250 |
|
|
|a 1. vyd.
|
| 260 |
|
|
|a Praha :
|b Panton,
|c 1970
|
| 300 |
|
|
|a 25 hlasů
|
| 490 |
1 |
|
|a Klub dobré dechovky ;
|v výběrová řada 21
|
| 740 |
0 |
2 |
|a Při táboráku
|
| 830 |
|
0 |
|a Klub dobré dechovky (Panton)
|
| 910 |
|
|
|a BOA001
|b Mus3-0639.419
|
| 990 |
|
|
|a MU
|
| 991 |
|
|
|b 201005
|
| 996 |
6 |
|
|b 2619456685
|c Mus3-0639.419
|l MZK
|r Sklad / do 1 hodiny
|n 1
|w 001124779
|u 000010
|a 1
|e BOA001
|j MZK50
|s P
|